Click a Map: Northampton County, PA Quiz Stats

 Plays Quiz not verified by Sporcle

Score 0/38 Timer 06:00
0 Plays Today
% Correct
Lower Nazareth
90%
Lower Saucon
90%
East Allen
85%
Upper Nazareth
85%
Bethlehem city
80%
Easton
80%
Bethlehem Twp.
80%
Forks
80%
Lower Mount Bethel
80%
Bangor
75%
Bath
75%
East Bangor
75%
Freemansburg
75%
Hellertown
75%
Nazareth
75%
Bushkill
75%
Hanover
75%
Moore
75%
Palmer
75%
% Correct
North Catasauqua
70%
Northampton
70%
Pen Argyl
70%
West Easton
70%
Wilson
70%
Wind Gap
70%
Allen
70%
Lehigh
70%
Upper Mount Bethel
70%
Stockertown
65%
Tatamy
65%
Walnutport
65%
Washington
65%
Williams
65%
Chapman
60%
Glendon
60%
Plainfield
60%
Portland
55%
Roseto
55%

You're not logged in!

Compare scores with friends on all Sporcle quizzes.
OR
Log In

Sporcle TV

Today on Sporcle TV


Watch our educational content, quiz creation guides, and fun videos on Sporcle TV.

Show Comments

Extras

Top Quizzes Today


Score Distribution

Your Account Isn't Verified!

In order to create a playlist on Sporcle, you need to verify the email address you used during registration. Go to your Sporcle Settings to finish the process.

Report this User

Report this user for behavior that violates our Community Guidelines.

Details: